Statistiken für meistverkauften Videospiele

Klicken Sie hier um das Quiz zu spielen!

Allgemein

  • Dieses Quiz wurde 306 mal gespielt
  • Das Durchschnittsergebnis liegt bei 5 aus 10

Antwortstatistiken

Platzierungverkaufte Exemplare (ca.)Antwort% Korrekt
1300 MillionenMario
73%
6120 MillionenMinecraft
69%
7100 MillionenCall of Duty
63%
2220 MillionenGrand Theft Auto
60%
4125 MillionenTetris
60%
3193 MillionenPokemon
49%
5125 MillionenDie Sims
28%
8100 MillionenNeed for Speed
26%
997 MillionenFinal Fantasy
19%
1075 MillionenMadden NFL
9%

Verteilung der Resultate

Perzentil nach korrekt beantworteten Fragen

Anzahl Personen mit jedem Resultat

Ihre Resultats-Entwicklung

Sie haben dieses Quiz noch nicht gespielt